La reconstrucción del materialismo histórico

Tallennettuna:
Bibliografiset tiedot
Päätekijä: Habermas, Jürgen
Aineistotyyppi: Kirja
Kieli:Undetermined
Julkaistu: Madrid, España Taurus 1981
Aiheet:
Tagit: Lisää tagi
Ei tageja, Lisää ensimmäinen tagi!

MARC

LEADER 00000nam a2200000Ia 4500
008 170316s9999 xx 000 0 und d
090 |a 100 H-1.1r 
100 |a Habermas, Jürgen 
245 |a La reconstrucción del materialismo histórico 
260 |a Madrid, España 
260 |b Taurus 
260 |c 1981 
300 |a 315 páginas 
650 |a FILOSOFÍA 
999 |c 16402  |d 16402 
040 |a cru BVZT 
942 |c 15 D  |h 100 H-1.1r  |2 z